| 000 | 00740cam a22002653a 4500 | ||
|---|---|---|---|
| 001 | 297 | ||
| 003 | PGUSA | ||
| 005 | 20140828082946.0 | ||
| 008 | 950701s1995||||xxu|||||s|||||000 1 eng d | ||
| 040 |
_aPGUSA _beng |
||
| 042 | _adc | ||
| 050 | 4 | _aPS | |
| 100 | 1 |
_aTarkington, Booth, _d1869-1946 |
|
| 245 | 1 | 4 |
_aThe Flirt _h[electronic resource] / _cBooth Tarkington |
| 260 |
_bProject Gutenberg, _c1995 |
||
| 506 | _aPublic domain in the USA. | ||
| 516 | _aElectronic text | ||
| 653 | _aForgery -- Fiction | ||
| 653 | _aSwindlers and swindling -- Fiction | ||
| 653 | _aCourtship -- Fiction | ||
| 653 | _aYoung women -- Fiction | ||
| 830 | 0 |
_aProject Gutenberg _v297 |
|
| 856 | 4 | 0 | _uhttp://www.gutenberg.org/ebooks/297 |
| 942 | _cEB | ||
| 999 |
_c229648 _d229648 |
||